Formulario de actos extrajudiciales de la sublime arte de la notaría: anónimo aragonés del siglo XVI
Saved in:
| Hovedforfatter: | |
|---|---|
| Format: | Bog |
| Sprog: | spansk |
| Udgivet: |
Madrid
Junta de Decanos de los Colegios Notariales de España
1968
|
| Serier: | Centenario de la Ley del Notariado. Fuentes y Bibliografías, 3
|
| Fag: | |
| Tags: |
Tilføj Tag
Ingen Tags, Vær først til at tagge denne postø!
|
MARC
| LEADER | 00000nam a2200000 a 4500 | ||
|---|---|---|---|
| 001 | UCR3923 | ||
| 003 | CL-VaPUC | ||
| 008 | 980130e19680000SP |||||||||||||||||spa|d | ||
| 082 | 0 | 4 | |a 347.016 |b ALO |2 21 |
| 100 | 0 | |a Alonso y Lambán, Mariano |e author |9 403388 | |
| 245 | 1 | 0 | |a Formulario de actos extrajudiciales de la sublime arte de la notaría: anónimo aragonés del siglo XVI |
| 300 | |a 298 p | ||
| 942 | |c BK | ||
| 945 | |d 19980130 00:00:00 |a aolguin | ||
| 260 | |a Madrid |b Junta de Decanos de los Colegios Notariales de España |c 1968 | ||
| 650 | 0 | |a Notarios |9 254869 | |
| 650 | 0 | |a Ley orgánica del notariado |9 392710 | |
| 650 | 0 | |a Derecho notarial |9 326137 | |
| 650 | 0 | |a Historia |9 255047 | |
| 651 | 0 | |a España |9 254926 | |
| 583 | |a last modification |c 19980130 00:00:00 |k Rodrigo Vera | ||
| 490 | 0 | |a Centenario de la Ley del Notariado. Fuentes y Bibliografías, 3 | |
| 999 | |c 266940 |d 266938 | ||
| 952 | |0 0 |1 0 |4 0 |6 347_016000000000000_ALO_1968 |7 0 |8 P |9 298993 |a BIBDER |b BIBDER |d 2019-11-20 |i 195217K |o 347.016 ALO 1968 |p 195217K |r 2023-01-25 |w 2019-11-20 |y BK |k DER | ||